000
00262nam a2200109Ia 4500
005
20251222114403.0
008
251222s1900||||xx |||||||||||||| ||spa||
082
_a
DVD0010/M19/2002
245
0
_a
Los verdugos de la mafia
264
_b
Lions Gate Films
942
_c
DVD
999
_c
1730
_d
1730